00515 a2200181 450000100060000002000150000604000240002110000300004524000370007524500320011230000130014436200090015744000080016665000310017494200070020595201040021299900170031669979 a8532203450 cAnchieta - Itaigara aPenteado, Maria Heloísa10aDona Quitéria trutruzeiralpor10aDona Quitéria trutruzeira a46 [1p.]0 a1986 1aFTD 4aLiteratura infanto-juvenil cBK 00104070a88.1b88.1d2023-11-21l0o028.5 PEN DONp2919/ITAr2023-11-21 20:04:47w2023-11-21yBK c69979d69979